[Event "Sparkassen-Open A"]
[Site "Heusenstamm, Martinsee"]
[Date "2016.11.27"]
[Round "3.40"]
[White "Sanati, Charlotte"]
[Black "Chandler, Patrick"]
[Result "0-1"]
[WhiteElo "1961"]
[BlackElo "2107"]
[PlyCount "102"]
[EventDate "2016.??.??"]
[WhiteTeam "SG Trier"]
[BlackTeam "SC Nied"]

1. d4 Nf6 2. c4 e6 3. Nc3 Bb4 4. Qc2 c5 5. dxc5 Bxc5 6. Nf3 Nc6 7. Bg5 Qa5 8.
e3 d5 9. Bxf6 gxf6 10. cxd5 Nb4 11. Qd2 Nxd5 12. Nxd5 Qxd2+ 13. Nxd2 exd5 14.
Rc1 Bb6 15. Bb5+ Ke7 16. O-O Be6 17. Nb3 Rhg8 18. Rfd1 Rg4 19. Nd4 Rag8 20. g3
Rc8 21. Rxc8 Bxc8 22. Be2 Rg8 23. Bf3 Be6 24. Nb5 Rd8 25. b3 a6 26. Nc3 d4 27.
Na4 Ba7 28. exd4 Bxd4 29. Rc1 b5 30. Rc7+ Rd7 31. Rc6 bxa4 32. Rxa6 axb3 33.
axb3 Bxb3 34. Be4 h6 35. Kg2 Be6 36. Ra5 Bb6 37. Rb5 Rd6 38. h4 Bd7 39. Rb2 f5
40. Bf3 Bd4 41. Rd2 Be6 42. Re2 Kf6 43. Rd2 Be5 44. Rxd6 Bxd6 45. Bc6 Ke5 46.
Ba4 Bd5+ 47. f3 f4 48. g4 Be7 49. h5 Kd4 50. Bc2 Ke3 51. Bd1 Bg5 0-1

[Event "Sparkassen-Open A"]
[Site "Heusenstamm, Martinsee"]
[Date "2016.11.27"]
[Round "3.41"]
[White "Iliev, Mustafa Batuhan"]
[Black "Khudovekov, Stanislav"]
[Result "1/2-1/2"]
[WhiteElo "1959"]
[BlackElo "2104"]
[PlyCount "85"]
[EventDate "2016.??.??"]
[WhiteTeam "SV Großauheim"]
[BlackTeam "SK Smolensk"]

1. e4 g6 2. d4 Bg7 3. Nf3 d6 4. Bc4 Nf6 5. Qe2 Nc6 6. O-O e5 7. dxe5 Nxe5 8.
Nxe5 dxe5 9. Rd1 Qe7 10. f3 O-O 11. a4 Be6 12. Na3 Rfd8 13. Bd2 a6 14. Bc3 Nh5
15. Bxe6 Qxe6 16. g3 Bf8 17. a5 Bc5+ 18. Kg2 Qe7 19. Nc4 Bd4 20. Bxd4 exd4 21.
Ra3 f5 22. Rb3 c5 23. c3 Qg5 24. Qd2 Qxd2+ 25. Rxd2 fxe4 26. fxe4 Re8 27. Nd6
dxc3 28. Rxc3 Re5 29. Rd5 Rxd5 30. exd5 Rd8 31. Nxb7 Rxd5 32. Nxc5 Rd2+ 33. Kh3
Rxb2 34. Nxa6 Ra2 35. Rc5 Nf6 36. Rb5 Kg7 37. Nc7 h5 38. Ne6+ Kh6 39. Ng5 Ng4
40. Nf3 Rf2 41. Rb3 Ra2 42. Rb5 Rf2 43. Rb3 1/2-1/2

[Event "Sparkassen-Open A"]
[Site "Heusenstamm, Martinsee"]
[Date "2016.11.27"]
[Round "3.42"]
[White "Rosenberger, Frank"]
[Black "Bernhart, Joseph"]
[Result "1/2-1/2"]
[WhiteElo "2104"]
[BlackElo "1945"]
[PlyCount "47"]
[EventDate "2016.??.??"]
[WhiteTeam "SK Gernsheim"]
[BlackTeam "SG Kaiserslautern"]

1. e4 d5 2. exd5 Qxd5 3. Nc3 Qd8 4. d4 Nf6 5. Bc4 a6 6. Nf3 b5 7. Bb3 c5 8.
dxc5 Qxd1+ 9. Kxd1 e6 10. Be3 Ng4 11. Ne4 Nxe3+ 12. fxe3 Bb7 13. Nd6+ Bxd6 14.
cxd6 Bxf3+ 15. gxf3 Kd7 16. Rg1 g6 17. a4 Nc6 18. axb5 axb5 19. Rxa8 Rxa8 20.
Rg5 f5 21. Ke2 Na5 22. Ba2 Nc6 23. Bb3 Na5 24. Ba2 1/2-1/2

[Event "Sparkassen-Open A"]
[Site "Heusenstamm, Martinsee"]
[Date "2016.11.27"]
[Round "3.43"]
[White "Karsay, Pascal"]
[Black "Musiolik, David"]
[Result "1-0"]
[WhiteElo "2099"]
[BlackElo "1874"]
[PlyCount "53"]
[EventDate "2016.??.??"]
[WhiteTeam "Vorw.Orient Mainz"]
[BlackTeam "SC Ramstein"]

1. e4 e6 2. d4 d5 3. Nc3 Bb4 4. e5 c5 5. a3 Bxc3+ 6. bxc3 Ne7 7. Nf3 Nbc6 8.
Bd3 cxd4 9. cxd4 Nf5 10. O-O O-O 11. Bd2 h6 12. a4 Ncxd4 13. Nxd4 Nxd4 14. Bxh6
Qh4 15. Be3 Nc6 16. f4 f6 17. Rf3 Qh5 18. Qe1 f5 19. Rh3 Qg6 20. Qh4 Bd7 21.
Be2 Be8 22. Bc5 Bd7 23. Bxf8 Rxf8 24. Qh8+ Kf7 25. Bh5 Rxh8 26. Bxg6+ Kg8 27.
Bf7+ 1-0

[Event "Sparkassen-Open A"]
[Site "Heusenstamm, Martinsee"]
[Date "2016.11.27"]
[Round "3.44"]
[White "Karimi, Farhad"]
[Black "Zimmer, Gerald"]
[Result "1-0"]
[WhiteElo "2096"]
[BlackElo "1929"]
[PlyCount "60"]
[EventDate "2016.??.??"]
[WhiteTeam "Satranç Club"]
[BlackTeam "SC Bergen-Enkheim"]

1. d4 e6 2. Nf3 Nf6 3. e3 c5 4. Bd3 Nc6 5. O-O Nb4 6. Be2 b6 7. a3 Nc6 8. b3
Bb7 9. Bb2 d5 10. Nbd2 g6 11. dxc5 Bxc5 12. b4 Be7 13. b5 Na5 14. Bd3 O-O 15.
Ng5 Nd7 16. Nxh7 Re8 17. Qg4 Nf6 18. Nxf6+ Bxf6 19. Bxf6 Qxf6 20. f4 Qc3 21.
Nf3 Nc4 22. Ng5 Kg7 23. Nxf7 Nxe3 24. Qxg6+ Kf8 25. Nd6 Re7 26. f5 Rg7 27. Qh6
Ng4 28. fxe6+ Kg8 29. Qf4 Qc5+ 30. Kh1 Bc8 1-0

[Event "Sparkassen-Open A"]
[Site "Heusenstamm, Martinsee"]
[Date "2016.11.27"]
[Round "3.45"]
[White "Weil, Michael"]
[Black "Benninger, Rudolf"]
[Result "1/2-1/2"]
[WhiteElo "1957"]
[BlackElo "2085"]
[PlyCount "94"]
[EventDate "2016.??.??"]
[WhiteTeam "SC Steinbach"]
[BlackTeam "SC Heusenstamm"]

1. d4 g6 2. Nf3 Bg7 3. c3 Nf6 4. Bg5 d5 5. Nbd2 O-O 6. e3 Nc6 7. b4 h6 8. Bxf6
exf6 9. b5 Ne7 10. c4 c6 11. bxc6 bxc6 12. Qa4 Bd7 13. c5 Qc7 14. Bd3 f5 15.
Rb1 Rab8 16. O-O g5 17. Nb3 Ng6 18. Na5 g4 19. Nd2 Bf6 20. Ba6 Bg5 21. Rfe1 f4
22. Nf1 Rfe8 23. exf4 Rxe1 24. Rxe1 Nxf4 25. Nb3 Bf5 26. Ne3 Bd7 27. g3 Nh3+
28. Kg2 Re8 29. Bd3 Bxe3 30. fxe3 Ng5 31. Nd2 h5 32. Qc2 Qd8 33. e4 Nf3 34.
Nxf3 gxf3+ 35. Kf2 h4 36. exd5 Rxe1 37. Kxe1 hxg3 38. hxg3 cxd5 39. Qd2 Qf6 40.
Qf4 Qe6+ 41. Kf2 Qh3 42. Kxf3 Qh1+ 43. Kf2 Qh2+ 44. Ke3 Qg1+ 45. Qf2 Qc1+ 46.
Qd2 Qg1+ 47. Qf2 Qc1+ 1/2-1/2

[Event "Sparkassen-Open A"]
[Site "Heusenstamm, Martinsee"]
[Date "2016.11.27"]
[Round "3.46"]
[White "Clitan, Zaharia"]
[Black "Cors, Heinz-Friedrich"]
[Result "1-0"]
[WhiteElo "2083"]
[BlackElo "1925"]
[PlyCount "87"]
[EventDate "2016.??.??"]
[WhiteTeam "SC Flörsheim"]
[BlackTeam "Schachforum Darmstadt"]

1. d4 Nf6 2. c4 e6 3. Nc3 Bb4 4. Qc2 c5 5. dxc5 O-O 6. Bf4 Na6 7. a3 Qa5 8. Rc1
Bxc3+ 9. Qxc3 Qxc5 10. e3 Qe7 11. b4 d5 12. c5 Ne4 13. Qb2 f6 14. Bd3 e5 15.
Bxe4 dxe4 16. Bg3 Bd7 17. Ne2 Bb5 18. O-O Rfd8 19. Rfd1 Rxd1+ 20. Rxd1 Rd8 21.
Qb3+ Kf8 22. Nc3 Bc6 23. Rxd8+ Qxd8 24. b5 Bxb5 25. Nxb5 Nxc5 26. Qc2 Nd3 27.
Qc7 Qxc7 28. Nxc7 Ke7 29. Nb5 a6 30. Nc3 Nc5 31. f3 exf3 32. gxf3 b5 33. Kf1
Nd3 34. Nd5+ Kd6 35. Nb4 Nb2 36. Nxa6 Nc4 37. Ke2 Nxa3 38. Be1 Kd5 39. Kd3 Nc4
40. Nc7+ Kc6 41. Ne8 Kc5 42. Nxg7 b4 43. Ne6+ Kd5 44. Nc7+ 1-0

[Event "Sparkassen-Open A"]
[Site "Heusenstamm, Martinsee"]
[Date "2016.11.27"]
[Round "3.47"]
[White "Vangsgaard, Freja"]
[Black "Everett, Elijah"]
[Result "1/2-1/2"]
[WhiteElo "1948"]
[BlackElo "2083"]
[PlyCount "111"]
[EventDate "2016.??.??"]
[WhiteTeam "Vejlby-Risskov"]
[BlackTeam "SF Schöneck"]

1. d4 Nf6 2. c4 g6 3. Nc3 Bg7 4. e4 d6 5. f3 O-O 6. Be3 Nc6 7. Nge2 a6 8. a4 a5
9. Qd2 e5 10. d5 Nb4 11. Nc1 Nd7 12. Be2 f5 13. Nd3 f4 14. Bf2 Nxd3+ 15. Qxd3
b6 16. O-O-O Bf6 17. g4 fxg3 18. hxg3 Bg5+ 19. Kb1 Nb8 20. Be3 Na6 21. Qd2 Bxe3
22. Qxe3 Qe7 23. Rh4 Bd7 24. b3 Rf7 25. Rdh1 Raf8 26. Kb2 Rg7 27. R4h2 Rff7 28.
Ka3 c5 29. Kb2 Nc7 30. Nd1 Ne8 31. Nf2 g5 32. g4 Rg6 33. Rh5 Rfg7 34. R5h2 Nf6
35. Rg1 Be8 36. Nh1 Nd7 37. Ng3 Rf7 38. Nf5 Qf6 39. Rgh1 Kh8 40. Nh6 Rfg7 41.
Nf5 Rf7 42. Rh6 Nf8 43. R6h5 Bd7 44. Ng3 Rg8 45. Kc2 Rg6 46. R1h2 Be8 47. Nh1
Bd7 48. Nf2 Bc8 49. Nh3 Rfg7 50. Qg1 Bd7 51. Qg3 Bc8 52. Nf2 Bd7 53. Nd3 Bc8
54. Qh3 Bd7 55. Rh1 Qf7 56. Qg3 1/2-1/2

[Event "Sparkassen-Open A"]
[Site "Heusenstamm, Martinsee"]
[Date "2016.11.27"]
[Round "3.48"]
[White "Poghosyan, Tigran"]
[Black "Bittner, Peter"]
[Result "0-1"]
[WhiteElo "2080"]
[BlackElo "1922"]
[PlyCount "76"]
[EventDate "2016.??.??"]
[WhiteTeam "Lübecker SV"]
[BlackTeam "SC Nied"]

1. e4 e5 2. Nf3 Nc6 3. Bb5 Nf6 4. O-O Be7 5. Re1 d6 6. c3 O-O 7. d3 Bg4 8. h3
Bh5 9. Nbd2 h6 10. Nf1 Nh7 11. Ng3 Bg6 12. Kh2 Qc8 13. d4 Rd8 14. Qa4 exd4 15.
Bxc6 bxc6 16. Nxd4 c5 17. Ndf5 Re8 18. Qd1 Nf6 19. Qf3 Nd7 20. Bd2 Rb8 21. Rab1
Qa6 22. Qg4 Ne5 23. Nxe7+ Rxe7 24. Qh4 Ree8 25. f4 Nc4 26. Bc1 Na3 27. bxa3
Rxb1 28. f5 Bh7 29. f6 Qc8 30. Nh5 g5 31. Qg3 Re5 32. h4 g4 33. Ng7 h5 34. Qf4
Bg6 35. Qh6 Qf8 36. Qf4 Qd8 37. Re2 Rxc1 38. Qxc1 Qxf6 0-1

[Event "Sparkassen-Open A"]
[Site "Heusenstamm, Martinsee"]
[Date "2016.11.27"]
[Round "3.49"]
[White "Von Auer, Ulrich"]
[Black "Khudovekov, Maxim"]
[Result "0-1"]
[WhiteElo "2077"]
[BlackElo "1908"]
[PlyCount "76"]
[EventDate "2016.??.??"]
[WhiteTeam "SF Frankfurt"]
[BlackTeam "SK Smolensk"]

1. d4 f5 2. Bg5 g6 3. Nd2 Bg7 4. e4 fxe4 5. Nxe4 d5 6. Ng3 Nh6 7. Nf3 Nc6 8.
Bb5 Qd6 9. O-O Nf7 10. Be3 O-O 11. c3 e5 12. dxe5 Nfxe5 13. Nxe5 Nxe5 14. b4 b6
15. Qd2 Ng4 16. Bd4 Bh6 17. Qd3 Bf5 18. Qd1 c5 19. bxc5 bxc5 20. h3 Ne5 21.
Nxf5 Rxf5 22. Bxe5 Qxe5 23. Qc2 c4 24. Rfe1 Qd6 25. Rad1 Raf8 26. Re2 Qc5 27.
Bd7 Rxf2 28. Be6+ Kg7 29. Rd4 Be3 30. Rxf2 Rxf2 31. Qxf2 Bxf2+ 32. Kxf2 Qa3 33.
Rxd5 Qxc3 34. Rd7+ Kf6 35. Bd5 Qb2+ 36. Kf3 c3 37. Kf4 Qf2+ 38. Ke4 Qf5+ 0-1

[Event "Sparkassen-Open A"]
[Site "Heusenstamm, Martinsee"]
[Date "2016.11.27"]
[Round "3.50"]
[White "Pabel, Ralph"]
[Black "Hohlbein, Michael"]
[Result "0-1"]
[WhiteElo "1927"]
[BlackElo "2076"]
[PlyCount "76"]
[EventDate "2016.??.??"]
[WhiteTeam "SK Mainaschaff"]
[BlackTeam "SK Marmstorf"]

1. d4 Nf6 2. c4 c5 3. d5 e5 4. Nc3 d6 5. e3 Nbd7 6. Bd3 Be7 7. Qc2 a6 8. Nge2
O-O 9. f3 g6 10. g4 e4 11. Nxe4 Nxe4 12. Bxe4 Ne5 13. Rf1 Bh4+ 14. Ng3 f5 15.
gxf5 gxf5 16. Bd3 Nxd3+ 17. Qxd3 f4 18. exf4 Bf5 19. Qb3 Qe7+ 20. Be3 Rae8 21.
Kd2 Bxg3 22. hxg3 b5 23. Rae1 bxc4 24. Qxc4 Qg7 25. Qc3 Qf7 26. Qc4 Rb8 27. b3
Rb4 28. Qxa6 Qxd5+ 29. Ke2 Ra8 30. Rd1 Qxd1+ 31. Rxd1 Rxa6 32. Rd2 Bb1 33. Kf1
Bxa2 34. f5 Bxb3 35. Bf2 c4 36. Bd4 Rb5 37. g4 Rd5 38. f4 Ra2 0-1

[Event "Sparkassen-Open A"]
[Site "Heusenstamm, Martinsee"]
[Date "2016.11.27"]
[Round "3.51"]
[White "Weil, Volker"]
[Black "Büse, Ralf"]
[Result "1/2-1/2"]
[WhiteElo "2071"]
[BlackElo "1898"]
[PlyCount "32"]
[EventDate "2016.??.??"]
[WhiteTeam "SC Steinbach"]
[BlackTeam "SC Ladja Roßdorf"]

1. d4 Nf6 2. Nf3 g6 3. g3 Bg7 4. Bg2 O-O 5. O-O d6 6. c4 Nc6 7. Nc3 a6 8. b3
Rb8 9. Bb2 b5 10. Qd3 Nb4 11. Qd2 bxc4 12. bxc4 Nc6 13. Rac1 Na5 14. Nd1 c5 15.
Ne1 Bf5 16. f3 cxd4 1/2-1/2

[Event "Sparkassen-Open A"]
[Site "Heusenstamm, Martinsee"]
[Date "2016.11.27"]
[Round "3.52"]
[White "Bogucanin, Mirsad"]
[Black "Rondonuwu, Grover"]
[Result "0-1"]
[WhiteElo "1923"]
[BlackElo "2066"]
[PlyCount "58"]
[EventDate "2016.??.??"]
[WhiteTeam "VSG Offenbach"]
[BlackTeam "Frankfurter TV"]

1. Nf3 d5 2. d4 Nf6 3. c4 c6 4. Nc3 e6 5. e3 Nbd7 6. Bd3 dxc4 7. Bxc4 b5 8. Bd3
a6 9. O-O c5 10. Re1 Bb7 11. e4 cxd4 12. Nxd4 Ne5 13. Bc2 Qb6 14. Nb3 Rd8 15.
Qe2 Nc4 16. Bd3 Rc8 17. Bg5 Be7 18. Rac1 h6 19. Bh4 Ne5 20. Kh1 Nfg4 21. Bg3
Nxd3 22. Qxg4 O-O 23. Rcd1 Nxe1 24. Rxe1 Rfd8 25. Bf4 Qxf2 26. Rb1 Qh4 27. Qf3
b4 28. Nd1 e5 29. Na5 Qe1+ 0-1

[Event "Sparkassen-Open A"]
[Site "Heusenstamm, Martinsee"]
[Date "2016.11.27"]
[Round "3.53"]
[White "Vangsgaard, Claus"]
[Black "Bordin, Igor"]
[Result "0-1"]
[WhiteElo "1923"]
[BlackElo "2063"]
[PlyCount "118"]
[EventDate "2016.??.??"]
[WhiteTeam "Vejlby-Risskov"]
[BlackTeam "SC Fehrbach"]

1. e4 e5 2. Nf3 Nf6 3. Nc3 Nc6 4. Bb5 Bb4 5. O-O O-O 6. d3 d6 7. Bg5 Bxc3 8.
bxc3 Bd7 9. Nd2 h6 10. Be3 Ng4 11. Qe2 Nxe3 12. Qxe3 Qg5 13. Qxg5 hxg5 14. Nc4
a6 15. Bxc6 Bxc6 16. Rab1 b6 17. Ne3 f6 18. c4 Kf7 19. f3 Ke6 20. Kf2 Rh8 21.
Rh1 Rh4 22. c3 Rah8 23. h3 g6 24. Rb2 f5 25. Nd5 Kd7 26. Rhb1 a5 27. Ke3 Kd8
28. Re1 Rf8 29. Rf2 Rf7 30. Ree2 Kc8 31. Kd2 Kb7 32. Ke3 Bd7 33. Rb2 Rh8 34. d4
Kc8 35. Kd3 Rh4 36. Ne3 Rf4 37. Nd5 Rh4 38. Ne3 Bc6 39. exf5 gxf5 40. Nd5 b5
41. Ne3 e4+ 42. fxe4 Bxe4+ 43. Kd2 f4 44. Ng4 bxc4 45. Rb5 Rf5 46. Rxf5 Bxf5
47. Re2 Bxg4 48. hxg4 Rxg4 49. Ke1 Rg3 50. Rc2 Kd7 51. Kf2 Kc6 52. a4 Kd5 53.
Rb2 c6 54. Rc2 Ke4 55. Re2+ Re3 56. Rc2 Kd3 57. Rb2 Kxc3 58. Rb6 Kxd4 59. Rxc6
d5 0-1

[Event "Sparkassen-Open A"]
[Site "Heusenstamm, Martinsee"]
[Date "2016.11.27"]
[Round "3.54"]
[White "Thomas, Tobias"]
[Black "Marzahn, Heiko"]
[Result "0-1"]
[WhiteElo "1842"]
[BlackElo "2059"]
[PlyCount "58"]
[EventDate "2016.??.??"]
[WhiteTeam "SK Langen"]
[BlackTeam "Sfr. Erbach"]

1. e4 e5 2. Nf3 Nc6 3. d4 exd4 4. Nxd4 Nf6 5. Bb5 Nxe4 6. O-O Nc5 7. Re1+ Ne6
8. Qg4 Ncxd4 9. Qxd4 c6 10. Bd3 Be7 11. Qg4 d5 12. f4 O-O 13. Qh5 g6 14. Qh6
Ng7 15. Bd2 Bf6 16. Nc3 c5 17. Be2 Bh4 18. g4 f5 19. g5 Bxe1 20. Bxe1 d4 21.
Rd1 Re8 22. Rd2 Be6 23. Nd1 Qc7 24. Qh4 Rad8 25. Nf2 c4 26. Qg3 Bf7 27. Nh3 Re3
28. Qg2 Rde8 29. Qf1 c3 0-1

[Event "Sparkassen-Open A"]
[Site "Heusenstamm, Martinsee"]
[Date "2016.11.27"]
[Round "3.55"]
[White "Bethke, Robert"]
[Black "Cichy, Michael"]
[Result "1/2-1/2"]
[WhiteElo "1887"]
[BlackElo "2053"]
[PlyCount "49"]
[EventDate "2016.??.??"]
[WhiteTeam "SC Gelnhausen"]
[BlackTeam "SC BS Gliesmarode"]

1. c4 Nf6 2. Nc3 b6 3. Nf3 Bb7 4. g3 e6 5. Bg2 Be7 6. O-O O-O 7. d4 Ne4 8. Nxe4
Bxe4 9. a3 a5 10. Bf4 a4 11. Rc1 d6 12. c5 bxc5 13. dxc5 d5 14. Nd4 Bxg2 15.
Kxg2 Bf6 16. Be3 Qc8 17. f4 Qb7 18. Qd2 Nc6 19. Kg1 Rfb8 20. Nxc6 Qxc6 21. Bd4
Bxd4+ 22. Qxd4 f5 23. Rc2 Rb3 24. Rd1 Rab8 25. Rdd2 1/2-1/2

[Event "Sparkassen-Open A"]
[Site "Heusenstamm, Martinsee"]
[Date "2016.11.27"]
[Round "3.56"]
[White "Schlößner, Henrik"]
[Black "Schellen, Sven"]
[Result "1-0"]
[WhiteElo "2050"]
[BlackElo "1845"]
[PlyCount "147"]
[EventDate "2016.??.??"]
[WhiteTeam "SK Gründau"]
[BlackTeam "SF Frankfurt"]

1. e4 e5 2. Nf3 Nc6 3. Bb5 Nf6 4. d3 Bc5 5. O-O Nd4 6. Nxd4 Bxd4 7. c3 Bb6 8.
b4 O-O 9. Bg5 c6 10. Ba4 h6 11. Bh4 g5 12. Bg3 d6 13. Kh1 Be6 14. Nd2 a5 15. b5
Qe8 16. Rb1 Rb8 17. Qc2 Bd7 18. Nc4 Bc5 19. bxc6 Bxc6 20. Bxc6 Qxc6 21. Nxa5
Qa6 22. Nb3 Ba7 23. Qd2 Nh5 24. c4 f5 25. exf5 Rxf5 26. Qe2 Ng7 27. Rb2 Rbf8
28. Qe4 Nh5 29. Qd5+ Kg7 30. c5 Nxg3+ 31. hxg3 e4 32. Qxe4 dxc5 33. Re1 Rxf2
34. Rxf2 Rxf2 35. Nxc5 Bxc5 36. Qe5+ Qf6 37. Qxc5 Rf1+ 38. Rxf1 Qxf1+ 39. Kh2
Qxd3 40. Qc7+ Kg6 41. Qxb7 h5 42. Qc6+ Kg7 43. Qf3 Qg6 44. Qc3+ Kh7 45. Qc7+
Kh6 46. Qd8 Qa6 47. Qf8+ Kg6 48. a3 h4 49. gxh4 gxh4 50. Qe8+ Kg5 51. Qe5+ Kh6
52. Qf4+ Kh5 53. a4 Qa5 54. Kh3 Kg6 55. Qxh4 Kf7 56. Qc4+ Kf6 57. Qd4+ Kf7 58.
g4 Qe1 59. Kg2 Kg6 60. Qd6+ Kg7 61. Qd7+ Kg6 62. Qd6+ Kg7 63. Qd4+ Kg6 64. Kf3
Qh1+ 65. Kf4 Qh2+ 66. Ke4 Qh1+ 67. Ke5 Qh8+ 68. Kd5 Qa8+ 69. Ke6 Qe8+ 70. Kd6
Qd8+ 71. Kc5 Qa5+ 72. Kc6 Qa8+ 73. Kc7 Kf7 74. Qd7+ 1-0

[Event "Sparkassen-Open A"]
[Site "Heusenstamm, Martinsee"]
[Date "2016.11.27"]
[Round "3.57"]
[White "Scherf, Karl-Heinrich"]
[Black "Konik, Michael"]
[Result "0-1"]
[WhiteElo "1881"]
[BlackElo "2049"]
[PlyCount "43"]
[EventDate "2016.??.??"]
[WhiteTeam "SF Neuberg"]
[BlackTeam "SK Mainaschaff"]

1. e4 d5 2. exd5 Qxd5 3. Nf3 Nf6 4. d4 Bg4 5. Be2 Nc6 6. h3 Qh5 7. c4 O-O-O 8.
Be3 e5 9. d5 e4 10. Nd4 Ne5 11. Qa4 Bxe2 12. Nxe2 Nd3+ 13. Kd2 Nxb2 14. Qb3 Nd3
15. Nbc3 Bc5 16. Rhb1 b6 17. Nd4 Rhe8 18. Qa4 a5 19. Qc6 Rd6 20. g4 Qh4 21. Nf5
Bxe3+ 22. Kxe3 0-1

[Event "Sparkassen-Open A"]
[Site "Heusenstamm, Martinsee"]
[Date "2016.11.27"]
[Round "3.58"]
[White "Seickel, Ralf"]
[Black "Köllner, Aaron Noah"]
[Result "1-0"]
[WhiteElo "2047"]
[BlackElo "1843"]
[PlyCount "57"]
[EventDate "2016.??.??"]
[WhiteTeam "vereinslos"]
[BlackTeam "SV Bergneustadt/Derschlag"]

1. c4 e5 2. g3 Bc5 3. Nc3 a6 4. Nf3 Nc6 5. Bg2 d6 6. O-O Be6 7. d3 f6 8. e3
Nge7 9. d4 Bxc4 10. dxc5 Bxf1 11. Qxf1 dxc5 12. b3 Qd7 13. Ba3 Nb4 14. Rd1 Qf5
15. Na4 e4 16. Nh4 Qe5 17. Bb2 Qh5 18. Bxe4 Rb8 19. Bf3 Qg5 20. a3 Nbc6 21. Rc1
b6 22. Qxa6 Ne5 23. Bg2 Qh6 24. Qa7 Kf7 25. Qxc7 Ng4 26. Bd5+ Kf8 27. Qxb8+ Nc8
28. Qxc8+ Ke7 29. Nf5# 1-0

[Event "Sparkassen-Open A"]
[Site "Heusenstamm, Martinsee"]
[Date "2016.11.27"]
[Round "3.59"]
[White "Schweizer, Manfred"]
[Black "Eg, Karlheinz"]
[Result "1-0"]
[WhiteElo "2044"]
[BlackElo "1820"]
[PlyCount "145"]
[EventDate "2016.??.??"]
[WhiteTeam "Post-SV Memmingen"]
[BlackTeam "SV Rüsselsheim"]

1. g3 e5 2. Bg2 d5 3. d3 Nf6 4. Nf3 Nc6 5. O-O Be7 6. Nc3 O-O 7. Bg5 Be6 8. e4
dxe4 9. dxe4 h6 10. Bxf6 Bxf6 11. Nd5 g6 12. c3 Bg7 13. Qc2 Rc8 14. Rad1 Qe8
15. Rd2 Ne7 16. Ne3 Rd8 17. Rfd1 Rxd2 18. Rxd2 Qc8 19. Bf1 Rd8 20. Bc4 Rxd2 21.
Qxd2 Bh3 22. Qd1 Qd7 23. Qb3 c6 24. Bxf7+ Kh7 25. Bc4 Nc8 26. Qc2 Nd6 27. Bb3
b5 28. c4 a6 29. Qd3 Qe7 30. a4 Nb7 31. Bc2 b4 32. b3 Nc5 33. Qd1 Bf6 34. Ng2
Bg4 35. Nge1 Kg7 36. Qd2 Ne6 37. Bd1 Ng5 38. Nxg5 Bxg5 39. Qd3 Be6 40. Nc2 a5
41. h4 Bf6 42. h5 Qd8 43. Qxd8 Bxd8 44. hxg6 Kxg6 45. Ne1 Bb6 46. Nd3 Bd4 47.
Kg2 Kf6 48. f4 Bf7 49. Kh3 Bg6 50. Bf3 Bf7 51. Kh4 Bg6 52. Kg4 Bf7 53. Ne1 Bc3
54. Ng2 Bd4 55. Kh3 Be6+ 56. Bg4 Bf7 57. Ne1 Be8 58. Nd3 Bg6 59. Bf3 Bf7 60.
Kg2 Be6 61. Nf2 Bd7 62. Be2 Be6 63. Bh5 Bd7 64. f5 Kg5 65. Bg6 Kf6 66. Ng4+ Kg7
67. Bh5 c5 68. f6+ Kf8 69. Nxh6 Bxa4 70. bxa4 b3 71. Bd1 b2 72. Bc2 Be3 73. Ng4
1-0

[Event "Sparkassen-Open A"]
[Site "Heusenstamm, Martinsee"]
[Date "2016.11.27"]
[Round "3.60"]
[White "Rack, Matthias"]
[Black "Jordake, Michael"]
[Result "1/2-1/2"]
[WhiteElo "2038"]
[BlackElo "1802"]
[PlyCount "72"]
[EventDate "2016.??.??"]
[WhiteTeam "SF Neuberg"]
[BlackTeam "SC Bergen-Enkheim"]

1. d4 Nf6 2. c4 e5 3. dxe5 Ng4 4. e4 Nxe5 5. f4 Nec6 6. Be3 Bb4+ 7. Nd2 Qh4+ 8.
g3 Qe7 9. Qc2 Na6 10. Ngf3 Nc5 11. O-O-O Bxd2+ 12. Nxd2 d6 13. a3 Bg4 14. Re1
f6 15. Bg2 O-O 16. h3 Bd7 17. g4 Na5 18. Qc3 Nc6 19. b4 Na4 20. Qb3 Nd8 21.
Rhf1 Kh8 22. Bd4 c5 23. Ba1 cxb4 24. axb4 a5 25. b5 Nc5 26. Qa3 Rc8 27. e5 fxe5
28. fxe5 Rxf1 29. Rxf1 Nde6 30. exd6 Qxd6 31. Bd5 b6 32. Qe3 Na4 33. Kd1 Re8
34. Qh6 Qe7 35. Re1 Nac5 36. Ne4 Nd3 1/2-1/2

[Event "Sparkassen-Open A"]
[Site "Heusenstamm, Martinsee"]
[Date "2016.11.27"]
[Round "3.61"]
[White "Zweschper, Erich"]
[Black "Nickel, Jonas"]
[Result "1-0"]
[WhiteElo "2036"]
[BlackElo "1777"]
[PlyCount "85"]
[EventDate "2016.??.??"]
[WhiteTeam "SVG Eppstein"]
[BlackTeam "SG Wächtersbach"]

1. d4 d5 2. Nf3 Nf6 3. c4 c6 4. e3 e6 5. Nc3 Nbd7 6. Bd3 dxc4 7. Bxc4 b5 8. Bd3
a6 9. O-O c5 10. Qe2 Bb7 11. Rd1 c4 12. Bc2 b4 13. Nb1 Rc8 14. e4 Be7 15. Nbd2
Nb6 16. e5 Nfd5 17. Ne4 h6 18. Ng3 Bg5 19. Nxg5 hxg5 20. Ne4 Nf4 21. Bxf4 Bxe4
22. Qxe4 gxf4 23. Qxf4 Rh4 24. Qg3 Kf8 25. f4 Nd5 26. Rf1 g6 27. Be4 c3 28.
Bxd5 exd5 29. Rab1 Rh5 30. Qe1 Qa5 31. bxc3 bxc3 32. e6 Qxa2 33. exf7 Qc4 34.
Rb7 Qxd4+ 35. Kh1 Qf6 36. Qb1 Qd6 37. Re1 Rf5 38. Rb6 Qc5 39. Rxg6 c2 40. Qb2
d4 41. Qb3 Qd5 42. Qh3 Qxg2+ 43. Rxg2 1-0

[Event "Sparkassen-Open A"]
[Site "Heusenstamm, Martinsee"]
[Date "2016.11.27"]
[Round "3.62"]
[White "Calvi, Stefan"]
[Black "Elbert, Thomas"]
[Result "1-0"]
[WhiteElo "2021"]
[BlackElo "1710"]
[PlyCount "79"]
[EventDate "2016.??.??"]
[WhiteTeam "SF Frankfurt"]
[BlackTeam "SF Sailauf"]

1. e4 Nf6 2. e5 Nd5 3. Nc3 Nxc3 4. dxc3 d6 5. Bf4 Nc6 6. Nf3 Bg4 7. Bb5 e6 8.
Qd3 Bf5 9. Qc4 Qd7 10. Nd4 Be4 11. O-O a6 12. Bxc6 Bxc6 13. Nxc6 Qxc6 14. Qxc6+
bxc6 15. Rad1 d5 16. Be3 Be7 17. f4 O-O 18. Rde1 c5 19. g4 g6 20. Re2 Rae8 21.
f5 exf5 22. gxf5 f6 23. Bh6 fxe5 24. Bxf8 Bxf8 25. fxg6 hxg6 26. Rf6 Kg7 27.
Rxa6 Bd6 28. a3 d4 29. cxd4 cxd4 30. b4 e4 31. Ra5 Bf4 32. Rd5 Be3+ 33. Kf1 Ra8
34. Ra5 Rd8 35. Ke1 Re8 36. a4 Kf6 37. Rc5 Re7 38. a5 Re5 39. Rxe5 Kxe5 40.
Rxe3 1-0

[Event "Sparkassen-Open A"]
[Site "Heusenstamm, Martinsee"]
[Date "2016.11.27"]
[Round "3.63"]
[White "Schmieder, Stefan"]
[Black "Kuhn, Gerhard"]
[Result "1-0"]
[WhiteElo "1821"]
[BlackElo "2030"]
[PlyCount "67"]
[EventDate "2016.??.??"]
[WhiteTeam "SC Bad Soden"]
[BlackTeam "SK Marburg"]

1. e4 c6 2. Nf3 d5 3. Nc3 d4 4. Ne2 c5 5. c3 Nc6 6. cxd4 cxd4 7. Qa4 d3 8. Ned4
Bd7 9. Qb3 e6 10. Bxd3 Bc5 11. Ne2 Nf6 12. O-O Na5 13. Qc2 Rc8 14. Nc3 Qb6 15.
h3 Nh5 16. Qd1 Ng3 17. b4 Bxb4 18. Rb1 Nxf1 19. Bxf1 Qd6 20. Nb5 Bxb5 21. Bxb5+
Nc6 22. d4 O-O 23. e5 Qe7 24. Bg5 f6 25. exf6 gxf6 26. Bh6 Rfd8 27. Qa4 Bd6 28.
Re1 Kh8 29. Bc4 Nxd4 30. Nxd4 Bh2+ 31. Kxh2 Rxd4 32. Rxe6 Qc7+ 33. g3 Rxc4 34.
Qe8+ 1-0

[Event "Sparkassen-Open A"]
[Site "Heusenstamm, Martinsee"]
[Date "2016.11.27"]
[Round "3.64"]
[White "Neukirchner, Pascal"]
[Black "Hinz, André"]
[Result "1-0"]
[WhiteElo "2026"]
[BlackElo "1693"]
[PlyCount "117"]
[EventDate "2016.??.??"]
[WhiteTeam "SK Gründau"]
[BlackTeam "SC Brett vorm Kopp"]

1. d4 Nc6 2. c4 e5 3. d5 Bb4+ 4. Bd2 Bxd2+ 5. Nxd2 Nce7 6. e4 d6 7. Bd3 Nf6 8.
Ne2 O-O 9. O-O Ng6 10. f4 exf4 11. Nxf4 Ne5 12. Be2 a5 13. Nd3 Nxd3 14. Bxd3
Ng4 15. Qe1 Ne5 16. Bc2 Bg4 17. Bd1 Qg5 18. Bxg4 Qxg4 19. h3 Qg6 20. Qe2 Rae8
21. Rf5 Qg3 22. Rc1 g6 23. Rff1 Qg5 24. Rf2 b6 25. Rcf1 Qg3 26. Rf6 Qd3 27. Qf2
Re7 28. b3 Qc2 29. Nf3 Nxf3+ 30. gxf3 Qxf2+ 31. Kxf2 Kg7 32. Rf4 h5 33. Rg1 Re5
34. Rf5 f6 35. Rxe5 fxe5 36. Ke3 Rf4 37. a3 Rf8 38. Ra1 Ra8 39. h4 Kf6 40. f4
exf4+ 41. Kxf4 g5+ 42. hxg5+ Kg6 43. Rg1 Re8 44. b4 axb4 45. axb4 Re7 46. c5
bxc5 47. bxc5 Rf7+ 48. Ke3 dxc5 49. Rc1 Kxg5 50. Rxc5 Kf6 51. Rc6+ Kg5 52. Rc1
Rh7 53. Rg1+ Kf6 54. Kf4 h4 55. Rc1 h3 56. Rc6+ Kg7 57. Rxc7+ Kg8 58. Rxh7 Kxh7
59. Kg3 1-0